000 00283nam a2200109Ia 4500
008 190907s9999||||xx |||||||||||||| ||und||
100 _aColonel Taylor
245 0 _aTippoo Sultan (A Tale of the Mysore War)
260 _aNew Delhi
_bAddison -Wesley
_c2001
300 _a680
942 _cBK
999 _c6457
_d6457